Представление документа в формате MARC21

Поле Инд. ПП Название Значение
Тип записи a
Библиографический уровень b
001 Контрольный номер RU/IS/BASE/308418267
005 Дата корректировки 20200522191342.9
008 Кодируемые данные 20091009
040 b Код языка каталог. rus
e Правила каталог. PSBO
041 0_ a Код языка текста rus
084 a Индекс другой классификации/Индекс ББК 67.1в0
100 1_ a Автор Фролова Е. А.
245 10 a Заглавие История политических и правовых учений: методологические проблемы соотношения юридической науки и учебной дисциплины
504 a Библиография Подстроч. примеч.
650 a Основная рубрика история правовых учений
a Основная рубрика право
653 a Ключевые слова методология историко-правовой науки
a Ключевые слова политико-правовые учения
a Ключевые слова правовые учения
a Ключевые слова учебные дисциплины
a Ключевые слова философия права
773 08 t Заглавие источника Вестник Московского университета. Серия 11, Право
d Дата издания источника 2009
g Прочая информация № 1. - С. 70 - 80
w Контрольный № источника RU/IS/BASE/299591405
901 t Тип документа b